What and how to do business in the Lao PDR : a guide to trade and investment.
| Format: | Book |
|---|---|
| Published: |
Vientiane:
Ministry of Commerce and Tourism,
1998.
|
| Edition: | 2nd ed.. |
| Subjects: |
| LEADER | 00451cam a2200145 7i4500 | ||
|---|---|---|---|
| 001 | 0000007536 | ||
| 005 | 20220119090000.0 | ||
| 090 | 0 | 0 | |a LAOS 338.7 |b WHA |
| 245 | 0 | 0 | |a What and how to do business in the Lao PDR : |b a guide to trade and investment. |
| 250 | 0 | 0 | |a 2nd ed.. |
| 260 | 0 | 0 | |a Vientiane: |b Ministry of Commerce and Tourism, |c 1998. |
| 300 | # | # | |a 45 p. |
| 650 | 0 | 0 | |a Business -- |z Laos |
| 651 | 0 | 0 | |a Laos |
| 999 | |a 0000010697 |b Book |c Book |e Business Information Centre | ||